Albums Given a 10 by Anthony Fantano - Statistics

General Stats
  • This quiz has been taken 51 times
  • The average score is 19 of 34
Answer Stats
Hint Answer % Correct
Charli xcx BRAT
95%
Kendrick Lamar To Pimp a Butterfly
83%
The Beatles Abbey Road
81%
Kanye West & Kid Cudi KIDS SEE GHOSTS
81%
Lauryn Hill The Miseducation of Lauryn Hill
81%
Nirvana Nevermind
76%
Prince and The Revolution Purple Rain
76%
Death Grips The Money Store
71%
Daft Punk Discovery
69%
Madvillain Madvillainy
69%
Wu-Tang Clan Enter The Wu-Tang (36 Chambers)
67%
The Clash London Calling
67%
Clipse Let God Sort Em Out
64%
Marvin Gaye What's Going On
64%
Neutral Milk Hotel In the Aeroplane Over the Sea
60%
Björk Vespertine
60%
Metallica Master of Puppets
57%
Swans To Be Kind
50%
System of a Down Toxicity
50%
Kate Bush Hounds of Love
48%
Godspeed You Black Emperor! Lift Your Skinny Fists Like Antennas to Heaven
48%
Talking Heads Remain in Light
48%
Led Zeppelin Physical Graffiti
45%
Frank Zappa Hot Rats
43%
Public Enemy It Takes a Nation of Millions to Hold Us Back
43%
Miles Davis Bitches Brew
40%
Television Marquee Moon
40%
Bob Dylan Highway 61 Revisited
38%
Depeche Mode Violator
33%
Daughters You Won't Get What You Want
31%
Mingus The Black Saint and the Sinner Lady
29%
Nina Simone Nina Simone Sings the Blues
26%
SPELLLING The Turning Wheel
26%
Lingua Ignota SINNER GET READY
24%
No matching quizzes found
Score Distribution
Percent of People with Each Score
Percentile by Number Answered
Your Score History
You have not taken this quiz